01382cam a2200385 a 450000100100000000500170001000800410002704000250006808200240009311000270011724500560014426000560020030000210025649000150027758600600029258600400035265000370039270000320042970000290046170000270049070000290051770000310054670000280057770000250060570000260063070000330065670000290068970000270071870000280074570000280077370000300080183000230083195201270085499900150098100000845820200929161339.0800730s1978 cu 001 0 spa  aDO-SdBNPbspacBNPHU a325.27291973bC764v1 aGrupo Areíto.92274710aContra viento y marea. /cEdición, Dominica Diez. aLa Habana, (Cuba) :bCasa de las Américas,c1978. a268 p. ;c19 cm.1 aTestimonio aPremio Extraordinario La Juventud en Nuestra América. aPremio Casa de las Américas 1978. 4aCubanos en estados unidos9227481 aDiez, Dominica,eed.9144211 aAlzaga, Apolinar.9227491 aAlzaga, Raúl.9227501 aAruca, Francisco.9227511 aBetancourt, Rafael.9227521 aBlanco, Liliana.9227531 aCamayo, Eric.9227541 aCamayo, Yohel.9227551 aCampa, Román de la.9227561 aCanales, Orlando.9227571 aCasal, Lourdes.9227581 aDopico, Vicente.9227591 aEstrada, Miguel.9227601 aGarcía, Armando.922761 0aTestimonio.916115 001052708MOaGRbGRcCTd2009-09-16iLF1l0o325.27291973 C764vp8458-10r2020-06-25w2020-06-25y2ZPréstamo interno c8229d8229